<?xml version="1.0" encoding="UTF-8"?>
<record
    xmlns:xsi="http://www.w3.org/2001/XMLSchema-instance"
    xsi:schemaLocation="http://www.loc.gov/MARC21/slim http://www.loc.gov/standards/marcxml/schema/MARC21slim.xsd"
    xmlns="http://www.loc.gov/MARC21/slim">

  <leader>00836nam a22002297a 4500</leader>
  <datafield tag="952" ind1=" " ind2=" ">
    <subfield code="0">0</subfield>
    <subfield code="1">0</subfield>
    <subfield code="2">ddc</subfield>
    <subfield code="4">0</subfield>
    <subfield code="7">0</subfield>
    <subfield code="8">NFIC</subfield>
    <subfield code="a">ASL</subfield>
    <subfield code="b">ASL</subfield>
    <subfield code="c">GEN</subfield>
    <subfield code="d">2017-06-13</subfield>
    <subfield code="e">ASB Publications</subfield>
    <subfield code="h">ASP-101</subfield>
    <subfield code="l">0</subfield>
    <subfield code="o">327.5492 AHB</subfield>
    <subfield code="p">100550</subfield>
    <subfield code="r">2017-06-13 00:00:00</subfield>
    <subfield code="t">C-1</subfield>
    <subfield code="w">2017-06-13</subfield>
    <subfield code="y">BK</subfield>
    <subfield code="z">RARE</subfield>
  </datafield>
  <datafield tag="952" ind1=" " ind2=" ">
    <subfield code="0">0</subfield>
    <subfield code="1">0</subfield>
    <subfield code="2">ddc</subfield>
    <subfield code="4">0</subfield>
    <subfield code="7">0</subfield>
    <subfield code="8">NFIC</subfield>
    <subfield code="a">ASL</subfield>
    <subfield code="b">ASL</subfield>
    <subfield code="c">GEN</subfield>
    <subfield code="d">2017-06-13</subfield>
    <subfield code="e">ASB Publications</subfield>
    <subfield code="h">ASP-101</subfield>
    <subfield code="l">0</subfield>
    <subfield code="o">327.5492 AHB</subfield>
    <subfield code="p">100551</subfield>
    <subfield code="r">2017-06-13 00:00:00</subfield>
    <subfield code="t">C-2</subfield>
    <subfield code="w">2017-06-13</subfield>
    <subfield code="y">BK</subfield>
    <subfield code="z">RARE</subfield>
  </datafield>
  <datafield tag="952" ind1=" " ind2=" ">
    <subfield code="0">0</subfield>
    <subfield code="1">0</subfield>
    <subfield code="2">ddc</subfield>
    <subfield code="4">0</subfield>
    <subfield code="7">0</subfield>
    <subfield code="8">NFIC</subfield>
    <subfield code="a">ASL</subfield>
    <subfield code="b">ASL</subfield>
    <subfield code="c">GEN</subfield>
    <subfield code="d">2017-06-13</subfield>
    <subfield code="e">ASB Publications</subfield>
    <subfield code="h">ASP-101</subfield>
    <subfield code="l">0</subfield>
    <subfield code="o">327.5492 AHB</subfield>
    <subfield code="p">100552</subfield>
    <subfield code="r">2017-06-13 00:00:00</subfield>
    <subfield code="t">C-3</subfield>
    <subfield code="w">2017-06-13</subfield>
    <subfield code="y">BK</subfield>
    <subfield code="z">RARE</subfield>
  </datafield>
  <datafield tag="952" ind1=" " ind2=" ">
    <subfield code="0">0</subfield>
    <subfield code="1">0</subfield>
    <subfield code="2">ddc</subfield>
    <subfield code="4">0</subfield>
    <subfield code="7">0</subfield>
    <subfield code="8">NFIC</subfield>
    <subfield code="a">ASL</subfield>
    <subfield code="b">ASL</subfield>
    <subfield code="c">GEN</subfield>
    <subfield code="d">2017-06-13</subfield>
    <subfield code="e">ASB Publications</subfield>
    <subfield code="h">ASP-101</subfield>
    <subfield code="l">0</subfield>
    <subfield code="o">327.5492 AHB</subfield>
    <subfield code="p">100553</subfield>
    <subfield code="r">2017-06-13 00:00:00</subfield>
    <subfield code="t">C-4</subfield>
    <subfield code="w">2017-06-13</subfield>
    <subfield code="y">BK</subfield>
    <subfield code="z">RARE</subfield>
  </datafield>
  <datafield tag="952" ind1=" " ind2=" ">
    <subfield code="0">0</subfield>
    <subfield code="1">0</subfield>
    <subfield code="2">ddc</subfield>
    <subfield code="4">0</subfield>
    <subfield code="7">0</subfield>
    <subfield code="8">NFIC</subfield>
    <subfield code="a">ASL</subfield>
    <subfield code="b">ASL</subfield>
    <subfield code="c">GEN</subfield>
    <subfield code="d">2017-06-13</subfield>
    <subfield code="e">ASB Publications</subfield>
    <subfield code="h">ASP-101</subfield>
    <subfield code="l">0</subfield>
    <subfield code="o">327.5492 AHB</subfield>
    <subfield code="p">100554</subfield>
    <subfield code="r">2017-06-13 00:00:00</subfield>
    <subfield code="t">C-5</subfield>
    <subfield code="w">2017-06-13</subfield>
    <subfield code="y">BK</subfield>
    <subfield code="z">RARE</subfield>
  </datafield>
  <datafield tag="999" ind1=" " ind2=" ">
    <subfield code="c">17614</subfield>
    <subfield code="d">17614</subfield>
  </datafield>
  <controlfield tag="003">BDDh-ASL</controlfield>
  <controlfield tag="005">20231015025613.0</controlfield>
  <controlfield tag="008">170613s2008    bg ||||| |||| 001 0 eng  </controlfield>
  <datafield tag="020" ind1=" " ind2=" ">
    <subfield code="a">9843000023751</subfield>
  </datafield>
  <datafield tag="037" ind1=" " ind2=" ">
    <subfield code="b">Asiatic Society of Bangladesh</subfield>
    <subfield code="c">Tk 400</subfield>
  </datafield>
  <datafield tag="040" ind1=" " ind2=" ">
    <subfield code="a">BDDh-ASL</subfield>
    <subfield code="c">BDDh-ASL</subfield>
  </datafield>
  <datafield tag="082" ind1=" " ind2=" ">
    <subfield code="a">327.5492</subfield>
    <subfield code="b">AHB</subfield>
  </datafield>
  <datafield tag="100" ind1="1" ind2=" ">
    <subfield code="a">Ahmed, Kamal Uddin</subfield>
    <subfield code="9">410</subfield>
  </datafield>
  <datafield tag="245" ind1="1" ind2="0">
    <subfield code="a">Bangladesh and Its Neighbours /</subfield>
    <subfield code="c">Kamal Uddin Ahmed</subfield>
  </datafield>
  <datafield tag="260" ind1=" " ind2=" ">
    <subfield code="a">Dhaka:</subfield>
    <subfield code="b">Asiatic Society of Bangladesh, </subfield>
    <subfield code="c">2008.</subfield>
  </datafield>
  <datafield tag="300" ind1=" " ind2=" ">
    <subfield code="a">viii, 211 p.:</subfield>
    <subfield code="c">25 cm. </subfield>
  </datafield>
  <datafield tag="440" ind1=" " ind2=" ">
    <subfield code="a">Asiatic Society of Bangladesh publication; </subfield>
    <subfield code="v">no. 101</subfield>
    <subfield code="9">312</subfield>
  </datafield>
  <datafield tag="500" ind1=" " ind2=" ">
    <subfield code="a">Includes index</subfield>
  </datafield>
  <datafield tag="505" ind1=" " ind2=" ">
    <subfield code="a">Bibliography: P. 197-205</subfield>
  </datafield>
  <datafield tag="650" ind1=" " ind2=" ">
    <subfield code="a">Regitional Relations</subfield>
    <subfield code="v">Bangladesh-India</subfield>
    <subfield code="v">Bangladesh-Pakistan</subfield>
    <subfield code="v">Bangladesh-Myanmar</subfield>
    <subfield code="v">Bangladesh-Nepal</subfield>
    <subfield code="v">Bangladesh-Bhutan</subfield>
    <subfield code="z">Bangladesh</subfield>
    <subfield code="9">411</subfield>
  </datafield>
  <datafield tag="942" ind1=" " ind2=" ">
    <subfield code="2">ddc</subfield>
    <subfield code="c">BK</subfield>
  </datafield>
</record>
